|
|
|
|
| LEADER |
00000cam a2200000 i 4500 |
| 001 |
1/75318 |
| 008 |
080221s2000 gr | ||| |||| | gre|| |
| 035 |
|
|
|l 10094889
|
| 040 |
|
|
|a GR-MY-UA
|b gre
|e aacr
|
| 041 |
0 |
|
|a gre
|
| 082 |
0 |
|
|a 938.21
|2 (22)
|
| 245 |
0 |
0 |
|a Θράκη :
|b 80 χρόνια από την ενσωμάτωση /
|c Βουλή των Ελλήνων ; [έρευνα - κείμενα: Βαγγέλης Δρακόπουλος, Γιώργος Κόκκινος].
|
| 260 |
|
|
|a Αθήνα :
|b [χ.ό.],
|c 2000.
|
| 300 |
|
|
|a 23 σ. ;
|b εγχρ. εικ. ;
|c 24 εκ.
|
| 651 |
|
0 |
|a Thrace, Western (Greece)
|x History.
|
| 700 |
1 |
|
|a Δρακόπουλος, Βαγγέλης.
|
| 700 |
1 |
|
|a Κόκκινος, Γιώργος,
|d 1960-
|
| 852 |
|
|
|a INST
|b RHODES
|e 20080221
|h 938.21 ΘΡΑ
|p 005400029897
|q 005400029897
|t BK
|y 0
|
| 901 |
|
|
|a BIBL4-2008-1
|
| 920 |
|
|
|a ΕΡΓΑΣΤΗΡΙΟ ΙΣΤΟΡΙΑΣ
|y Ρόδος
|z 2008-02
|
| 970 |
|
|
|a ΚΟΖΑ
|b ΜΑΡΙΑ
|z 2008/02/21
|